| 000 | 01522cam a22003854a 4500 | ||
|---|---|---|---|
| 999 |
_c29173 _d29144 |
||
| 001 | 14109500 | ||
| 003 | EG-ScBUE | ||
| 005 | 20210613105716.0 | ||
| 008 | 050915t2006 ii a f b 001 0 eng d | ||
| 020 | _a0470862939 (pbk. : alk. paper) | ||
| 020 | _a9788126506903 | ||
| 020 | _a8126506903 | ||
| 035 | _a(OCoLC)ocm61651882 | ||
| 040 |
_aDLC _beng _erda _cDLC _dBAKER _dBWKUK _dDLC _dEG-ScBUE |
||
| 082 | 0 | 4 |
_a005.8 _bGOL _222 |
| 100 | 1 |
_aGollmann, Dieter, _eauthor. |
|
| 245 | 1 | 0 |
_aComputer security / _cDieter Gollmann, Hamburg University of Technology. |
| 250 | _aSecond edition. | ||
| 264 | 1 |
_aNew Delhi : _bWiley Dreamtech India, _c[2006] |
|
| 264 | 4 | _cc2006 | |
| 300 |
_axi, 374 pages : _billustrations ; _c24 cm |
||
| 336 |
_2rdacontent _atext _btxt |
||
| 337 |
_2rdamedia _aunmediated _bn |
||
| 338 |
_2rdacarrier _avolume _bnc |
||
| 504 | _aIncludes bibliographical references and index. | ||
| 650 | 7 |
_aComputer security. _2BUEsh |
|
| 653 |
_bCOMSCI _cJune2021 |
||
| 655 |
_vReading book _934232 |
||
| 856 | 4 | 1 |
_3Table of contents only _uhttp://www.loc.gov/catdir/toc/ecip0519/2005026866.html |
| 856 | 4 | 2 |
_3Contributor biographical information _uhttp://www.loc.gov/catdir/enhancements/fy0623/2005026866-b.html |
| 856 | 4 | 2 |
_3Publisher description _uhttp://www.loc.gov/catdir/enhancements/fy0623/2005026866-d.html |
| 906 |
_a7 _bcbc _corignew _d1 _eecip _f20 _gy-gencatlg |
||
| 942 |
_2ddc _cBB |
||